Nové trendy v transferovom oceňovaní

Skúmanie systému transferového oceňovania vo vybraných krajinách vo svete a v podmienkach SR so zameraním na súčasný stav a problémy jeho uplatňovania. Hlavné vývojové tendencie transferového oceňovania v medzinárodnom a domácom ekonomickom prostredí. Analýza porovnateľnosti na základe platnej legis...

Full description

Saved in:
Bibliographic Details
Main Author: Lénártová, Gizela
Format: Book Chapter
Language:Slovak
Subjects:
Tags: Add Tag
No Tags, Be the first to tag this record!

MARC

LEADER 00000naa$a2200000$$$4500
001 0261147
005 20240502074138.8
041 0 |a slo 
044 |a SK 
245 1 0 |a Nové trendy v transferovom oceňovaní  |c Gizela Lénártová 
520 |a Skúmanie systému transferového oceňovania vo vybraných krajinách vo svete a v podmienkach SR so zameraním na súčasný stav a problémy jeho uplatňovania. Hlavné vývojové tendencie transferového oceňovania v medzinárodnom a domácom ekonomickom prostredí. Analýza porovnateľnosti na základe platnej legislatívy. Posúdenie štruktúry, typov dokumentácie a metód transferového oceňovania. Opatrenia predchádzajúce oceňovaniu (OPO). Formulácia hlavných trendov transferového oceňovania vo svete, na základe súčasného stavu a problémov v daňovej praxi a možnosti riešenia hlavných problémov v budúcnosti. 
610 2 0 |a oceňovanie transferové 
610 2 0 |a zdaňovanie medzinárodné 
610 2 0 |a politika daňová 
610 2 0 |a dane z príjmov 
610 2 0 |a dokumentácia účtovná 
610 2 0 |a správa daňová 
610 2 0 |a spolupráca medzinárodná 
100 1 |a Lénártová, Gizela